00542akm a2200181a 44500008003900000017001700039041000800056080001600064110003900080245007100119260009800190300000800288500001200296520000700308650001000315700001600325700001900341960122s1987 cat aB-25309-1987 acat a666.17(038) aSant Sadurní d'Anoia. Ajuntament aL'ampolla de cavah[cartell]cAjuntament de Sant Sadurní d'Anoia a[Barcelona]bGeneralitat de Catalunya. Direcció General de Política Lingüísticac1987 bil. btermcat a20 acaves aBedmar, F.  aSánchez, J.